| 000 | 00817nam a2200241 a 4500 | ||
|---|---|---|---|
| 999 |
_c9630 _d9630 |
||
| 001 | 9630 | ||
| 003 | BD-JhCC | ||
| 005 | 20180327100450.0 | ||
| 008 | 180321s1976 b |||| ||a| 000 0 b d | ||
| 035 | _a(BD-JhCC)9630 | ||
| 040 |
_aBD-JhCC _dBD-JhCC |
||
| 041 | _aben | ||
| 082 |
_a320 _bLIN 1976 |
||
| 100 | _a লিণ্ডসে, এ. ডি. | ||
| 245 |
_aআধুনিক গণতান্ত্রিক রাষ্ট্র / _cএ. ডি. লিণ্ডসে, মুহম্মদ আয়েশ উদ্দিন |
||
| 260 |
_aঢাকা: _bবাংলা একাডেমী; _c1976. |
||
| 300 |
_a350 p. : _c21 cm. |
||
| 650 | _aDemocracy | ||
| 651 | _aPolitical science | ||
| 700 | _aউদ্দিন, মুহম্মদ আয়েশ | ||
| 942 |
_2ddc _cBK |
||